01027nam a2200301 c 450000100060000000300070000600500170001300700030003000800410003301700500007402000180012404000290014204100130017108000300018408000230021408400070023710000230024424000330026724501630030025000120046330000230047533600370049833700340053533800280056950400430059765000460064065000390068660402SpMaBN20260204215135.0ta131216s2013 sp a | |||| 001 0 spa  aM 30669-2013bOficina Depósito Legal Madrid a9788441433472 aSpMaBNbspacSpMaBNerdc1 aspaheng a94(100)1939/45":305-055.2 a929-055.2(100)"19" a001 aAtwood, Kathryn J.10aWoman heroes of World War II10aHeroínas de la Segunda Guerra Mundial :b26 historias de espionaje, sabotaje, resistencia y rescatecKathryn J. Atwood ; traducción de Jorge Rus Sánchez a1ª ed. a285 p.bil.c23 cm aTexto (visual)2isbdcontentbtxt asin mediación2isbdmediabn 2rdacarrieravolumenbnc aBibliografía: p. [265]-269. Índice 7aGuerra mundial, 1939-1945xMujeres2embne 7aMujeresyS.XXxBiografías2embne